Metallica Multiple Choice Quiz - Statistics

General Stats
  • This quiz has been taken 40 times
  • The average score is 11 of 15
Answer Stats
Question Answer % Correct
Who was the bassist at the time who died in a motorvehicle accident in 1986? Cliff Burton
97%
What album is Metallica's least popular? (Hint: James does not even lead vocals) Lulu
91%
In 1991, Metallica performed for 1.6 million people at the "Monsters of Rock" festival. Which city was this performed in? Moscow
91%
Who was it that replaced Dave Mustaine in 1983? Kirk Hammett
88%
What song was featured by Metallica on Season 4 of Stranger Things Master of Puppets
88%
What Song did Virginia Tech use for their entrance? Enter Sandman
85%
What Metallica track is Megadeth remaking on their self-titled album in 2026? Ride the Lightning
82%
What was Metallica's most successful album? Metallica (the Black Album)
79%
What was the first song that Metallica made a music video for? One
79%
What was Metallica's first instrumental song? Anesthesia- (Pulling Teeth)
73%
What song was Metallica's first ballad? Fade to Black
73%
What Metallica track did Megadeth make the song "Mechanix" after? The Four Horsemen
67%
In 2000, Metallica performed S&M with the San Francisco Symphony. What song emirged very popular from this setlist? No Leaf Clover
64%
What Metallica album is generally the most "well composed"? (Hint: every song is likable) Master of Puppets
42%
What was Metallica's first single released? Whiplash
36%
No matching quizzes found
Score Distribution
Percent of People with Each Score
Percentile by Number Answered
Your Score History
You have not taken this quiz